| 000 | 00655nam a2200133Ia 4500 | ||
|---|---|---|---|
| 008 | 171212s9999 xx 000 0 und d | ||
| 020 | _a9781760460945 | ||
| 245 |
_ceditor Piper, Philip J.;Matsumura, Hirofumi;Bulbeck, David _aNew Perspectives in Southeast Asian and Pacific Prehistory |
||
| 260 |
_bANU E Press _c2017 |
||
| 440 | _aTerra Australis | ||
| 650 | _aArchaeology | ||
| 650 | _aArchaeology -- Southeast Asia; Archaeology -- Pacific Area; Antiquities, Prehistoric -- Southeast Asia; Antiquities, Prehistoric -- Pacific Area; Paleoanthropology -- Southeast Asia; Paleoanthropology -- Pacific Area | ||
| 856 | _uhttp://jstor.org/stable/j.ctt1pwtd26 | ||
| 999 |
_c351226 _d351226 |
||